États des États-Unis aléatoires en une carte vierge - Statistiques

Statistiques générales
  • Ce quiz a été pris 2 533 fois
  • Le résultat moyen est 12 sur 15
Réponses sur la Carte
Les réponses sont colorées sur une échelle allant du rouge au vert en fonction du pourcentage des utilisateurs qui les ont devinées à leur premier essai. Vous pouvez retrouver ces pourcentages ci-dessous.
 
Statistiques - réponses
État % Correct
Texas
99%
Californie
98%
Alaska
97%
Floride
97%
Washington
95%
Hawaï
91%
New York
88%
Dakota du Nord
87%
Nevada
85%
Arizona
84%
Louisiane
84%
Michigan
84%
Oregon
83%
Caroline du Sud
82%
Nouveau-Mexique
82%
Caroline du Nord
81%
Dakota du Sud
81%
Colorado
80%
Géorgie
80%
Maine
80%
Alabama
79%
Illinois
79%
Montana
79%
Virginie
79%
Arkansas
78%
Mississippi
78%
Tennessee
77%
Utah
77%
Idaho
76%
Ohio
76%
Oklahoma
75%
Kansas
74%
Rhode Island
74%
New Jersey
72%
Pennsylvanie 
72%
Vermont
72%
Indiana
71%
Massachusetts
71%
Wisconsin
71%
Missouri
69%
Wyoming
69%
Delaware
68%
Kentucky
68%
Maryland
68%
Virginie-Occidentale
68%
Connecticut
67%
Nebraska
67%
Iowa
64%
New Hampshire
64%
Minnesota
60%
Aucun quiz correspondant
Distribution des résultats
% des personnes avec chaque résultat
Percentile par nombre de réponses
Votre historique - résultats
Vous n’avez pas pris ce quiz